100 Biggest Cities of Czechia on a Map - Statistics

General Stats
  • This quiz has been taken 731 times
  • The average score is 44 of 100
Answers on the Map
Answers color-coded by a green-red scale on the quiz's map according to % correct below.
 
Answer Stats
Population City % Correct
1,301,432 Prague [Praha]
99%
398,510 Brno
97%
174,007 Plzeň [Pilsen]
95%
282,450 Ostrava
94%
106,063 Olomouc
85%
104,340 Liberec
82%
95,664 České Budějovice [Budweis]
78%
44,323 Karlovy Vary
78%
89,713 Ústí nad Labem
76%
13,958 Ústí nad Orlicí
76%
89,619 Pardubice
75%
92,649 Hradec Králové
73%
74,178 Zlín [Gottwaldov]
70%
50,523 Jihlava
68%
61,306 Most
65%
55,146 Opava
63%
67,756 Kladno
62%
30,161 Cheb
56%
53,698 Frýdek-Místek
56%
46,337 Děčín
54%
48,428 Teplice
54%
45,549 Chomutov
53%
42,536 Mladá Boleslav
53%
44,486 Jablonec nad Nisou
52%
33,360 Tábor
52%
33,736 Znojmo
52%
48,473 Karviná
51%
68,153 Havířov
49%
31,950 Kolín
49%
24,318 Břeclav
48%
29,609 Písek
48%
41,019 Přerov
46%
43,666 Prostějov
46%
29,054 Trutnov
46%
20,551 Beroun
45%
20,162 Kutná Hora
45%
31,711 Příbram
44%
21,484 Sokolov, Czech Republic
44%
25,182 Šumperk
44%
23,130 Český Těšín
43%
15,904 Jičín
43%
25,019 Uherské Hradiště
43%
24,100 Hodonín
42%
21,579 Klatovy
42%
34,368 Třebíč
42%
35,890 Česká Lípa
41%
33,782 Třinec
41%
22,920 Havlíčkův Brod
40%
23,432 Litoměřice
40%
22,873 Chrudim
39%
20,437 Jindřichův Hradec
39%
19,588 Mělník
39%
14,242 Turnov
39%
20,304 Vyškov
39%
28,280 Kroměříž
38%
22,388 Litvínov
38%
19,061 Náchod
38%
14,797 Nymburk
37%
20,124 Žďár nad Sázavou
36%
20,038 Bohumín
35%
15,373 Rakovník
35%
16,444 Říčany
35%
13,758 Rokycany
35%
21,909 Strakonice
35%
15,577 Pelhřimov
34%
16,242 Svitavy
34%
24,958 Vsetín
34%
22,656 Nový Jičín
33%
14,390 Varnsdorf
33%
19,900 Blansko
32%
14,936 Bruntál
32%
17,563 Louny
32%
17,131 Otrokovice
32%
18,467 Žatec
32%
14,866 Česká Třebová
31%
22,117 Krnov
31%
27,581 Orlová
31%
12,510 Tachov
31%
14,536 Poděbrady
30%
16,093 Uherský Brod
30%
21,709 Valašské Meziříčí
30%
17,469 Hranice
29%
16,005 Rožnov pod Radhoštěm
29%
15,945 Slaný
29%
18,375 Kralupy nad Vltavou
28%
16,671 Ostrov
28%
14,950 Dvůr Králové nad Labem
27%
14,104 Bílina
26%
17,386 Kadaň
26%
19,029 Brandýs nad Labem-Stará Boleslav
25%
21,019 Kopřivnice
25%
15,866 Neratovice
25%
13,479 Zábřeh
24%
18,387 Jirkov
23%
13,634 Hlučín
22%
13,829 Klášterec nad Ohří
22%
13,007 Šternberk
22%
12,451 Chodov
21%
12,713 Milovice
14%
16,369 Horní Benešov
4%
No matching quizzes found
Score Distribution
Percent of People with Each Score
Percentile by Number Answered
Your Score History
You have not taken this quiz